000 01091nam a2200289Ia 4500
003 GCL
005 20240530102059.0
008 140319s9999 xx 000 0 ara d
040 _aGCL /
_cGCL
082 0 4 _a327.73
_bا ا
100 1 _aامبرو، ستيفن اى
245 1 0 _aالارتقاء الى العالمية : السياسة الخارجية الامريكية منذ 1938 م /
_cامبرو، ستيفن اى
260 _a[S.N] :
_bالمكتبة الاكاديمية ،
_c1994
300 _a481 ص
650 0 4 _aالعصر الحديث
650 0 4 _aتاريخ
650 0 4 _aالولايات المتحدة الامريكية
650 0 4 _aالسياسة الدولية
650 0 4 _aالسياسة
650 0 4 _aالعلاقات الخارجية
650 0 4 _aالعمليات الحربية
650 0 4 _aالحرب العالمية الاولى 1914- 1918
650 0 4 _aالحرب العالمية الثانية 1939 - 1945
700 1 _aودودة عبدالرحمن بدران
700 1 _aنادية محمد الحسينى
942 _2ddc
_cBK
999 _c29653
_d29653